লিখব বই পড়ব বই-গড়ন দেশ: (Record no. 31901)
[ view plain ]
| 000 -LEADER | |
|---|---|
| fixed length control field | 01179nam a22002057a 4500 |
| 003 - CONTROL NUMBER IDENTIFIER | |
| control field | BDDh-ASL |
| 005 - DATE AND TIME OF LATEST TRANSACTION | |
| control field | 20231015031327.0 |
| 008 - FIXED-LENGTH DATA ELEMENTS--GENERAL INFORMATION | |
| fixed length control field | 220602s2020 b ||||| |||| 00| 0 b d |
| 040 ## - CATALOGING SOURCE | |
| Transcribing agency | BDDh-ASL |
| 041 ## - LANGUAGE CODE | |
| Language code of text/sound track or separate title | bengali |
| 082 ## - DEWEY DECIMAL CLASSIFICATION NUMBER | |
| Classification number | 923.2 |
| Item number | SAL |
| 100 1# - MAIN ENTRY--PERSONAL NAME | |
| Personal name | সাত্তার, এম. এ. |
| Titles and words associated with a name | অধ্যাপক |
| 9 (RLIN) | 7993 |
| 245 #0 - TITLE STATEMENT | |
| Title | লিখব বই পড়ব বই-গড়ন দেশ: |
| Remainder of title | বঙ্গবন্ধুর বাংলাদেশ / |
| 246 ## - VARYING FORM OF TITLE | |
| Title proper/short title | Likbo Boi, Probo Boi- Gorbo Desh Bangabandhur Bangladesh. |
| 260 ## - PUBLICATION, DISTRIBUTION, ETC. | |
| Place of publication, distribution, etc. | ঢাকা: |
| Name of publisher, distributor, etc. | অধ্যাপক আবুল হাসানাত মো: জামান, |
| Date of publication, distribution, etc. | ২০২০। |
| 300 ## - PHYSICAL DESCRIPTION | |
| Extent | ৬৯ পৃষ্ঠা: |
| Dimensions | ২২ সে.মি. |
| 600 10 - SUBJECT ADDED ENTRY--PERSONAL NAME | |
| 9 (RLIN) | 3054 |
| Personal name | Rahman, Sheikh Mujibur ( শেখ মুজিবুর রহমান) |
| Titles and other words associated with a name | Bangabandhu (বঙ্গবন্ধু) |
| Dates associated with a name | 1920-1975 (১৯২০-১৯৭৫) |
| 650 #0 - SUBJECT ADDED ENTRY--TOPICAL TERM | |
| 9 (RLIN) | 4442 |
| Topical term or geographic name entry element | বঙ্গবন্ধু (Bangabandhu) শেখ মুজিবুর রহমান (Sheikh Mujibur Rahman) |
| General subdivision | মুক্তিযুদ্ধ (Muktijuddha) Liberation War |
| Geographic subdivision | বাংলাদেশ (Bangladesh) |
| 942 ## - ADDED ENTRY ELEMENTS (KOHA) | |
| Source of classification or shelving scheme | Dewey Decimal Classification |
| Koha item type | Books |
| Withdrawn status | Lost status | Source of classification or shelving scheme | Damaged status | Not for loan | Collection code | Home library | Current library | Shelving location | Date acquired | Source of acquisition | Total Checkouts | Full call number | Barcode | Date last seen | Copy number | Price effective from | Koha item type | Public note |
|---|---|---|---|---|---|---|---|---|---|---|---|---|---|---|---|---|---|---|
| Dewey Decimal Classification | Non-fiction | Asiatic Society Library | Asiatic Society Library | General Stacks | 04/11/2023 | Complimentary | 923.2 SAL | 120659 | 04/11/2023 | C-1 | 04/11/2023 | Books | Y-2020 |